|
|
|
|
| LEADER |
02014nam a2200397 i 4500 |
| 001 |
38942 |
| 003 |
BD-DhAAL |
| 008 |
220620t2020 nyuab 001 0 eng d |
| 999 |
|
|
|c 44387
|d 44387
|
| 010 |
|
|
|a 2018026319
|
| 020 |
|
|
|a 9781260570021
|
| 020 |
|
|
|a 1260570029
|
| 020 |
|
|
|a 9781260211887
|
| 040 |
|
|
|a DLC
|b eng
|c DLC
|e rda
|d DLC
|d BD-DhAAL
|
| 042 |
|
|
|a pcc
|
| 050 |
0 |
0 |
|a QR41.2
|b .P74 2020
|
| 082 |
0 |
0 |
|a 579
|2 23
|
| 100 |
1 |
|
|a Willey, Joanne M.,
|e author.
|9 49465
|
| 245 |
1 |
0 |
|a Prescott's microbiology /
|c Joanne M. Willey, Hofstra University, Kathleen M. Sandman, Dorothy H. Wood, Durham Technical Community College.
|
| 246 |
3 |
0 |
|a Microbiology
|
| 250 |
|
|
|a Eleventh edition.
|
| 264 |
|
1 |
|a New York, NY :
|b McGraw-Hill Education,
|c c2020.
|
| 300 |
|
|
|a xxiii, 976 pages :
|b color illustrations, color map ;
|c 28 cm.
|
| 500 |
|
|
|a Includes index.
|
| 526 |
|
|
|a PHR
|
| 541 |
|
|
|a Karim International
|e 38942, 38943, 38944, 38945
|
| 650 |
|
0 |
|a Microbiology
|v Textbooks.
|9 49466
|
| 650 |
|
0 |
|a Pharmacy.
|9 49467
|
| 700 |
|
|
|a Sandman, Kathleen M.
|9 49468
|
| 700 |
|
|
|a Wood, Dorothy H.
|9 49469
|
| 852 |
|
|
|a Ayesha Abed Library
|c General Stacks
|
| 942 |
|
|
|2 ddc
|c BK
|
| 952 |
|
|
|0 0
|1 0
|2 ddc
|4 0
|6 579_000000000000000_WIL
|7 0
|9 70927
|a BRACUL
|b BRACUL
|c GEN
|d 2022-06-15
|e Karim International
|g 4690.00
|l 19
|m 83
|o 579 WIL
|p 3010038945
|q 2026-06-02
|r 2025-10-12
|s 2025-10-12
|t 4
|v 4690.00
|w 2022-06-15
|y BK
|
| 952 |
|
|
|0 0
|1 0
|2 ddc
|4 0
|6 579_000000000000000_WIL
|7 0
|9 70928
|a BRACUL
|b BRACUL
|c GEN
|d 2022-06-15
|e Karim International
|g 4690.00
|l 19
|m 55
|o 579 WIL
|p 3010038942
|q 2026-06-02
|r 2026-01-28
|s 2026-01-28
|t 1
|v 4690.00
|w 2022-06-15
|y BK
|
| 952 |
|
|
|0 0
|1 0
|2 ddc
|4 0
|6 579_000000000000000_WIL
|7 0
|9 70929
|a BRACUL
|b BRACUL
|c GEN
|d 2022-06-15
|e Karim International
|g 4690.00
|l 14
|m 131
|o 579 WIL
|p 3010038944
|r 2026-04-12
|s 2026-04-05
|t 3
|v 4690.00
|w 2022-06-15
|y BK
|
| 952 |
|
|
|0 0
|1 0
|2 ddc
|4 0
|6 579_000000000000000_WIL
|7 0
|9 70930
|a BRACUL
|b BRACUL
|c GEN
|d 2022-06-15
|e Karim International
|g 4690.00
|l 16
|m 96
|o 579 WIL
|p 3010038943
|r 2026-01-27
|s 2025-10-27
|t 2
|v 4690.00
|w 2022-06-15
|y BK
|